000
00241nam a2200097Ia 4500
001
956242
005
20250826215820.0
008
250824s9999 xx 000 0 und d
245
0
_a
BİR ADAM BİR BEBEK
_c
CESUR DORUK
260
_b
DESTEK YAYINLARI
999
_c
956242
_d
956242